000
00288nam a22001337a 4500
008
180906b xxu||||| |||| 00| 0 eng d
020
_a
9781457622373
041
_a
eng
080
_a
34
100
_a
15
101
_a
jur
245
_a
Practical Argument
_c
KirsznerLG
942
_2
udc
_c
BK
999
_c
47595
_d
47595